Anglo-Saxon and Viking Kings of England - Statistics

General Stats
  • This quiz has been taken 12,344 times
    11,804 since last reset
  • The average score is 5 of 12
Answer Stats
Answer % Correct
Edward
85%
Harold
76%
Alfred
73%
Æthelred
66%
Cnut
51%
Edmund
36%
Sweyn
35%
Æthelstan
34%
Eadgar
23%
Harthacnut
19%
Eadwig
15%
Eadred
13%
No matching quizzes found
Score Distribution
Percent of People with Each Score
Percentile by Number Answered
Your Score History
You have not taken this quiz since the last reset